[Event "TURNIEJ O PUCHAR UKS PALAC MLODZIEZY KATOWICE Z OKAZJI DNIA NIEPODLEGLOSCI"]
[Site "Centrum Kongresow i Rekreacji Orle Gniazdo ul. Wrzosowa 28a, Szczyrk"]
[Date "1899-12-30"]
[Round "4.54"]
[White "Guzik, Wojciech"]
[Black "Obrochta, Lena"]
[Result "1-0"]
[WhiteTitle "II+"]
[BlackTitle "II+"]
[WhiteElo "1256"]
[BlackElo "1147"]

1. d4 d5 2. c4 e6 3. Nc3 Nf6 4. Bg5 Nbd7 5. cxd5 exd5 6. Nxd5 Nxd5 7. Bxd8 Bb4+
8. Qd2 Bxd2+ 9. Kxd2 Kxd8 10. e3 N7f6 11. Nf3 Bg4 12. Be2 Re8 13. Rac1 c6 14.
h3 Bh5 15. g4 Bg6 16. Ne5 Ne4+ 17. Ke1 f6 18. Nxg6 hxg6 19. Bd3 Nd6 20. Bxg6 Rf8
21. Kd2 f5 22. Rcf1 fxg4 23. hxg4 Ke7 24. Bd3 Rad8 25. Rh7 Kf6 26. e4 Nb4 27.
e5+ Ke6 28. exd6 Nxd3 29. Kxd3 Rxd6 30. Rxg7 c5 31. Rg6+ Kd7 32. Rxd6+ Kxd6 33.
dxc5+ Kxc5 34. f4 Rg8 35. g5 Kd5 36. Ke3 Re8+ 37. Kf3 Kd4 38. Kg4 Kd3 39. Rf3+
Kc2 40. Rf2+ Kb1 41. a3 Ka2 42. g6 Rg8 43. f5 Kb3 44. Kg5 b5 45. f6 b4 46. axb4
Kxb4 47. f7 Rf8 48. Kf6 Rc8 49. Kg7 Kb3 50. f8=Q Rxf8 51. Kxf8 a5 52. g7 a4 53.
g8=Q+ Kb4 54. Rf3 Kb5 55. Qg4 Kc5 56. Rf5+ Kd6 57. Qxa4 Ke6 58. Rb5 Kd6 59. Qa6+
Kc7 60. Rb7+ Kc8 61. Qa8# 1-0

[Event "TURNIEJ O PUCHAR UKS PALAC MLODZIEZY KATOWICE Z OKAZJI DNIA NIEPODLEGLOSCI"]
[Site "Centrum Kongresow i Rekreacji Orle Gniazdo ul. Wrzosowa 28a, Szczyrk"]
[Date "1899-12-30"]
[Round "4.57"]
[White "Martyniak, Milosz"]
[Black "Rosenfeld, Noe"]
[Result "0-1"]
[WhiteTitle "II"]
[BlackTitle "II"]
[WhiteElo "1064"]
[BlackElo "1243"]

1. c4 e5 2. Nc3 Nc6 3. g3 Nf6 4. Bg2 d6 5. d3 d5 6. cxd5 Nxd5 7. Nxd5 Be6 8. Nc3
Bb4 9. a3 Bxc3+ 10. bxc3 Na5 11. Nf3 Bb3 12. Qd2 Be6 13. Rb1 Nb3 14. Qd1 Na5 15.
Nxe5 f6 16. Nf3 Qd7 17. O-O O-O-O 18. Nd4 Bd5 19. Bxd5 Qxd5 20. Nb3 Nxb3 21. Qxb3
Qe5 22. Be3 Qh5 23. Qxb7+ Kd7 24. Qb5+ Qxb5 25. Rxb5 c6 26. Rb7+ Kc8 27. Rfb1
Rhe8 28. Rf7 Rd7 0-1

[Event "TURNIEJ O PUCHAR UKS PALAC MLODZIEZY KATOWICE Z OKAZJI DNIA NIEPODLEGLOSCI"]
[Site "Centrum Kongresow i Rekreacji Orle Gniazdo ul. Wrzosowa 28a, Szczyrk"]
[Date "1899-12-30"]
[Round "4.58"]
[White "Mytnik, Kinga"]
[Black "Jordan, Adam"]
[Result "0-1"]
[WhiteTitle "I"]
[BlackTitle "II"]
[WhiteElo "1241"]
[BlackElo "1121"]

1. e4 c6 2. d4 d5 3. exd5 cxd5 4. Nc3 Nf6 5. Nf3 Nc6 6. Bb5 Bg4 7. Bxc6+ bxc6 8.
Bg5 e6 9. h3 Bh5 10. O-O Be7 11. Qd3 O-O 12. Ne5 Qc7 13. Rfe1 Rab8 14. Rab1 Rfe8
15. Re3 c5 16. Rg3 cxd4 17. Qxd4 Bg6 18. Nxg6 hxg6 19. h4 Nh5 20. Rf3 Bxg5 21.
hxg5 Rec8 22. g4 Ng3 23. Rxg3 Qa5 24. Kg2 Rc4 25. Qd3 Rcb4 26. Rh1 Kf8 27. Rf3
Rxg4+ 28. Kh3 Qb4 29. Rg3 Rh4+ 30. Kg2 Rxh1 31. Kxh1 Qxb2 32. Rh3 Qc1+ 33. Kg2
Qxg5+ 34. Rg3 Qf5 35. Qxf5 gxf5 36. Ne2 Rb2 37. Nf4 Rxc2 38. Ra3 Ke7 39. Rxa7+
Kf6 40. Nh5+ Kg6 41. Ng3 f4 42. Nh1 f5 43. Kf3 0-1

[Event "TURNIEJ O PUCHAR UKS PALAC MLODZIEZY KATOWICE Z OKAZJI DNIA NIEPODLEGLOSCI"]
[Site "Centrum Kongresow i Rekreacji Orle Gniazdo ul. Wrzosowa 28a, Szczyrk"]
[Date "1899-12-30"]
[Round "4.59"]
[White "Sloniewski, Jakub"]
[Black "Markiewicz, Krzysztof"]
[Result "0-1"]
[WhiteTitle "II"]
[BlackTitle "II"]
[WhiteElo "1021"]
[BlackElo "1231"]

1. e4 c5 2. Nc3 d6 3. f4 Nf6 4. Nf3 e6 5. Bc4 Be7 6. O-O a6 7. a4 Nc6 8. d3 Nd4
9. Nxd4 cxd4 10. Ne2 d5 11. exd5 Nxd5 12. Nxd4 Bc5 13. c3 Qb6 14. Bxd5 Bxd4+ 15.
cxd4 Qxd4+ 16. Kh1 Qxd5 17. Qf3 Qxf3 18. Rxf3 Bd7 19. Be3 Bc6 20. Rf2 O-O-O 21.
Rd2 Rd6 22. d4 Be4 23. a5 Rd5 24. b4 Kd7 25. Rc1 Rc8 26. Rxc8 Kxc8 27. Kg1 Kd7
28. Kf2 Kc6 29. Rb2 Kb5 30. g3 f5 31. Ke2 Rd8 32. Kd2 Rc8 33. Kd1 Rc4 34. Ke2
Rxb4 35. Rxb4+ Kxb4 36. Bd2+ Kb5 37. Ke3 b6 38. g4 bxa5 39. g5 0-1

[Event "TURNIEJ O PUCHAR UKS PALAC MLODZIEZY KATOWICE Z OKAZJI DNIA NIEPODLEGLOSCI"]
[Site "Centrum Kongresow i Rekreacji Orle Gniazdo ul. Wrzosowa 28a, Szczyrk"]
[Date "1899-12-30"]
[Round "4.60"]
[White "Reszka, Zofia"]
[Black "Szewc, Dobromila"]
[Result "0-1"]
[WhiteTitle "I"]
[BlackTitle "II"]
[WhiteElo "1201"]
[BlackElo "1102"]

1. e4 e5 2. Nf3 d6 3. d4 Nc6 4. Bc4 exd4 5. Nxd4 Bd7 6. Be3 Nf6 7. f3 Bc8 8. O-O
Be7 9. Kh1 Nxd4 10. Bxd4 c5 11. Be3 b6 12. Nc3 Bb7 13. Ne2 Qd7 14. a4 a6 15. Qe1
a5 16. Qg3 Nh5 17. Qf2 d5 18. Bb5 Bc6 19. exd5 Bxb5 20. Rad1 Bxe2 21. Qxe2 O-O
22. c4 Bd6 23. b3 Rfe8 24. Rfe1 Bf4 25. Qf2 Bxe3 26. Rxe3 Rxe3 27. Qxe3 Re8 28.
Qd3 Nf4 29. Qf1 Re2 30. g3 Re3 31. Rb1 Ng6 32. Qf2 Re5 33. f4 Re4 34. Qf3 Rd4
35. Rd1 Rxd1+ 36. Qxd1 Kf8 37. Qe2 Ne7 38. Qd1 Nf5 39. Qe2 Nd4 40. Qe3 Qe7 41.
Qd3 Qe1+ 42. Kg2 Qe2+ 43. Qxe2 Nxe2 44. Kf2 Nd4 45. Ke3 Nxb3 46. Kd3 Nd4 47. Kd2
Nf3+ 48. Kd3 Nxh2 49. Kd2 Nf3+ 50. Ke3 Nd4 51. Kd3 Ke7 52. g4 h6 53. Kd2 g5 54.
f5 f6 55. Kd3 Nf3 56. Ke2 Ne5 57. Ke3 Nxg4+ 58. Kd3 Ne5+ 59. Kc3 g4 60. Kb3 g3
61. Kc3 g2 62. Kb3 g1=Q 63. Kc3 Qd4+ 64. Kb3 Qd3+ 65. Kb2 Nxc4+ 66. Kc1 Qd2+ 67.
Kb1 Qb2# 0-1

[Event "TURNIEJ O PUCHAR UKS PALAC MLODZIEZY KATOWICE Z OKAZJI DNIA NIEPODLEGLOSCI"]
[Site "Centrum Kongresow i Rekreacji Orle Gniazdo ul. Wrzosowa 28a, Szczyrk"]
[Date "1899-12-30"]
[Round "4.61"]
[White "Cieslak, Emilia"]
[Black "Grodzicki, Piotr"]
[Result "0-1"]
[WhiteTitle "II"]
[BlackTitle "II"]
[WhiteElo "1008"]
[BlackElo "1199"]

1. e4 c6 2. d4 d5 3. Nc3 dxe4 4. Nxe4 Bf5 5. f3 Bxe4 6. fxe4 e5 7. Nf3 exd4 8.
Nxd4 c5 9. Nf3 Qxd1+ 10. Kxd1 f6 11. Bb5+ Nc6 12. Bf4 Rd8+ 13. Kc1 0-1

[Event "TURNIEJ O PUCHAR UKS PALAC MLODZIEZY KATOWICE Z OKAZJI DNIA NIEPODLEGLOSCI"]
[Site "Centrum Kongresow i Rekreacji Orle Gniazdo ul. Wrzosowa 28a, Szczyrk"]
[Date "1899-12-30"]
[Round "5.2"]
[White "Goluch, Piotr"]
[Black "Marczak, Szymon"]
[Result "1-0"]
[WhiteTitle "FM"]
[BlackTitle "I"]
[WhiteElo "2264"]
[BlackElo "1578"]

1. Nf3 d5 2. c4 dxc4 3. Na3 Nf6 4. Nxc4 e6 5. g3 Nbd7 6. Bg2 c6 7. O-O Nb6 8. Qc2
Be7 9. d4 O-O 10. Rd1 Nxc4 11. Qxc4 Qd5 12. Qc2 Qe4 13. Qa4 Qxe2 14. Re1 Qb5 15.
Qxb5 cxb5 16. Ne5 Nd5 17. Bd2 Bd6 18. Rac1 Bxe5 19. Rxe5 Bd7 20. Bxd5 exd5 21.
Rxd5 Bc6 22. Rdc5 Rad8 23. Be3 Rd7 24. Kf1 h6 25. h4 Rfd8 26. Ke2 Kh7 27. b3 Rd5
28. Rxd5 Rxd5 29. Kd3 Kg6 30. Re1 Rd7 31. Bf4 Kf5 32. Re5+ Kg4 33. Ke3 f6 34.
Rc5 g5 35. hxg5 f5 36. Bb8 1-0

[Event "TURNIEJ O PUCHAR UKS PALAC MLODZIEZY KATOWICE Z OKAZJI DNIA NIEPODLEGLOSCI"]
[Site "Centrum Kongresow i Rekreacji Orle Gniazdo ul. Wrzosowa 28a, Szczyrk"]
[Date "1899-12-30"]
[Round "5.3"]
[White "Kaminski, Maciej"]
[Black "Rozycki, Bartlomiej"]
[Result "0-1"]
[WhiteTitle "I"]
[BlackTitle "k++"]
[WhiteElo "1769"]
[BlackElo "2061"]

1. d4 Nf6 2. Nc3 d5 3. Bg5 e6 4. e4 dxe4 5. Nxe4 Be7 6. Bxf6 Bxf6 7. Nxf6+ Qxf6
8. Bd3 Qg5 9. Nf3 Qxg2 10. Rg1 Qh3 11. Rxg7 Nc6 12. c3 Qh6 13. Rg1 Bd7 14. Qd2
Qh5 15. Qe2 O-O-O 16. Ne5 Qxh2 17. O-O-O Nxe5 18. dxe5 Bc6 19. Rge1 h5 20. Qe3
Rdg8 21. Qxa7 Qf4+ 22. Kb1 Qa4 23. Qxa4 Bxa4 24. b3 Bc6 25. Be4 Bxe4+ 26. Rxe4
h4 27. f4 h3 28. Rh1 h2 29. Ree1 Rg2 30. Ref1 Rd8 31. Kc1 0-1

[Event "TURNIEJ O PUCHAR UKS PALAC MLODZIEZY KATOWICE Z OKAZJI DNIA NIEPODLEGLOSCI"]
[Site "Centrum Kongresow i Rekreacji Orle Gniazdo ul. Wrzosowa 28a, Szczyrk"]
[Date "1899-12-30"]
[Round "5.5"]
[White "Urbanski, Grzegorz"]
[Black "Markiewicz, Jerzy"]
[Result "1/2-1/2"]
[WhiteTitle "k"]
[BlackTitle "FM"]
[WhiteElo "2164"]
[BlackElo "2175"]

1. e4 c5 2. Nf3 e6 3. d4 cxd4 4. Nxd4 a6 5. Bd3 Qc7 6. Qe2 d6 7. O-O Nf6 8. c4
Nbd7 9. Nc3 Ne5 10. Kh1 Be7 11. f4 Nxd3 12. Qxd3 O-O 13. f5 Bd7 14. b3 Rac8 15.
a4 d5 16. exd5 exd5 17. Nxd5 Nxd5 18. cxd5 Qe5 19. Bb2 Qxd5 20. Rad1 Bf6 21. Qg3
Qe5 22. Qg4 Bc6 23. Ba1 Qe4 24. Qg3 Rfd8 25. Nxc6 Rxd1 26. Rxd1 Bxa1 27. Rxa1
bxc6 28. f6 Qg6 29. fxg7 Qxg3 30. hxg3 Kxg7 31. Rc1 a5 32. Rc5 Rb8 33. Rxa5 Rxb3
34. Ra6 Rc3 35. a5 h5 36. Kg1 Rc2 37. Kh2 Kg6 38. Ra8 Ra2 39. a6 c5 40. a7 Kg7
41. Kg1 c4 42. Kf1 c3 43. Ke1 Ra1+ 44. Ke2 c2 45. Rc8 Rxa7 46. Rxc2 Ra3 1/2-1/2

[Event "TURNIEJ O PUCHAR UKS PALAC MLODZIEZY KATOWICE Z OKAZJI DNIA NIEPODLEGLOSCI"]
[Site "Centrum Kongresow i Rekreacji Orle Gniazdo ul. Wrzosowa 28a, Szczyrk"]
[Date "1899-12-30"]
[Round "5.6"]
[White "Banasik, Henryk"]
[Black "Zylinski, Piotr"]
[Result "1-0"]
[WhiteTitle "k"]
[BlackTitle "I"]
[WhiteElo "1805"]
[BlackElo "1618"]

1. e4 Nf6 2. Nc3 d5 3. exd5 Nxd5 4. Bc4 Be6 5. Qf3 c6 6. Bb3 g6 7. d3 Bg7 8. Bd2
O-O 9. h4 h5 10. Qe2 Nxc3 11. bxc3 Bd5 12. Nf3 Nd7 13. Bxd5 cxd5 14. O-O Rc8 15.
d4 Nb6 16. Ne5 Nc4 17. Bf4 Nxe5 18. dxe5 Rxc3 19. Rab1 Qc8 20. Rb2 Qf5 21. g3
Rfc8 22. Qb5 Rxc2 23. Rxc2 Qxc2 24. Qxb7 Qc5 25. Rc1 Qxc1+ 26. Bxc1 Rxc1+ 27.
Kg2 d4 28. Qa8+ Kh7 29. Qxa7 d3 30. Qd7 1-0

[Event "TURNIEJ O PUCHAR UKS PALAC MLODZIEZY KATOWICE Z OKAZJI DNIA NIEPODLEGLOSCI"]
[Site "Centrum Kongresow i Rekreacji Orle Gniazdo ul. Wrzosowa 28a, Szczyrk"]
[Date "1899-12-30"]
[Round "5.7"]
[White "Pluta, Natalia"]
[Black "Mroziak, Maciej"]
[Result "0-1"]
[WhiteTitle "I"]
[BlackTitle "m"]
[WhiteElo "1652"]
[BlackElo "2207"]

1. c4 Nc6 2. g3 d5 3. Bg2 dxc4 4. Na3 g6 5. Nxc4 Bg7 6. Nf3 Nf6 7. O-O O-O 8. d3
Be6 9. h3 Rb8 10. Ng5 Bd5 11. e4 Bxc4 12. dxc4 e5 13. Be3 Nd4 14. Qa4 c5 15. Qxa7
Qc7 16. Qa4 Rfd8 17. Nf3 Nxf3+ 18. Bxf3 Rd3 19. Be2 Rd7 20. Rfd1 h5 21. Rxd7 Nxd7
22. Rd1 Nf8 23. Qb5 b6 24. b4 cxb4 25. Qxb4 Ne6 26. Qd6 Qa7 27. c5 bxc5 28. Rc1
Rd8 29. Qa6 Qd7 30. Bxc5 Nxc5 31. Rxc5 Qxh3 32. Bf1 Rd1 33. a4 Bh6 34. Qe2 Qg4
35. Qxg4 hxg4 36. a5 Ra1 37. Rxe5 Bd2 38. a6 Ra2 39. Re8+ Kg7 40. Kg2 Be1 41.
Re7 Bxf2 42. Kh1 Bxg3 43. a7 Bf2 44. Bg2 Bxa7 45. e5 g3 46. Bf1 Rh2# 0-1

[Event "TURNIEJ O PUCHAR UKS PALAC MLODZIEZY KATOWICE Z OKAZJI DNIA NIEPODLEGLOSCI"]
[Site "Centrum Kongresow i Rekreacji Orle Gniazdo ul. Wrzosowa 28a, Szczyrk"]
[Date "1899-12-30"]
[Round "5.8"]
[White "Szymczak, Zbigniew"]
[Black "Posluszny, Tomasz"]
[Result "1-0"]
[WhiteTitle "IM"]
[BlackTitle "II"]
[WhiteElo "2190"]
[BlackElo "1627"]

1. d4 Nf6 2. c4 c5 3. d5 e6 4. Nc3 exd5 5. cxd5 d6 6. Nf3 g6 7. Bf4 Bg7 8. Qa4+
Bd7 9. Qb3 b6 10. Bxd6 a6 11. e4 Bg4 12. e5 Nfd7 13. e6 Nf6 14. exf7+ Kxf7 15.
Ne5+ Kg8 16. Bxb8 1-0

[Event "TURNIEJ O PUCHAR UKS PALAC MLODZIEZY KATOWICE Z OKAZJI DNIA NIEPODLEGLOSCI"]
[Site "Centrum Kongresow i Rekreacji Orle Gniazdo ul. Wrzosowa 28a, Szczyrk"]
[Date "1899-12-30"]
[Round "5.9"]
[White "Gredka, Dominika"]
[Black "Turlej, Lukasz"]
[Result "0-1"]
[WhiteTitle "I++"]
[BlackTitle "k"]
[WhiteElo "1614"]
[BlackElo "2090"]

1. e4 c5 2. c3 Nf6 3. e5 Nd5 4. d4 cxd4 5. cxd4 Nc6 6. Nf3 d6 7. Bc4 e6 8. O-O
Be7 9. exd6 Qxd6 10. Nc3 O-O 11. Re1 Bf6 12. Bg5 Bxg5 13. Nxg5 Nb6 14. Bd3 h6
15. Nf3 Nb4 16. Be4 N4d5 17. Ne5 Bd7 18. Qf3 Rac8 19. Nxd5 exd5 20. Bf5 Bxf5 21.
Qxf5 Nc4 22. b3 Nb6 23. Rad1 Rc3 24. Qg4 Qf6 25. Re3 0-1

[Event "TURNIEJ O PUCHAR UKS PALAC MLODZIEZY KATOWICE Z OKAZJI DNIA NIEPODLEGLOSCI"]
[Site "Centrum Kongresow i Rekreacji Orle Gniazdo ul. Wrzosowa 28a, Szczyrk"]
[Date "1899-12-30"]
[Round "5.10"]
[White "Prohorov, Olexandr"]
[Black "Dzwierzynski, Bartosz"]
[Result "1-0"]
[WhiteTitle "k"]
[BlackTitle "II"]
[WhiteElo "2074"]
[BlackElo "1435"]

1. e4 c5 2. c3 d5 3. exd5 Qxd5 4. d4 e5 5. dxe5 Qxd1+ 6. Kxd1 Nc6 7. f4 Bg4+ 8.
Nf3 O-O-O 9. Ke1 Bxf3 10. gxf3 Nh6 11. Bh3+ Kb8 12. Nd2 Ne7 13. Ne4 Nef5 14. Ke2
Be7 15. a4 Rd5 16. Bd2 Rhd8 17. Be1 g6 18. Bf2 b6 19. a5 Kb7 20. Ra2 Kc6 21. axb6
axb6 22. Ra7 Rd3 23. Rha1 R3d7 24. Rxd7 Rxd7 25. Ra8 Rd8 26. Ra4 Rd5 27. Ke1 Rd7
28. Bf1 Rb7 29. Bc4 b5 30. Ra6+ Rb6 31. Rxb6+ Kxb6 32. Bd5 Bh4 33. b4 Bxf2+ 34.
Kxf2 cxb4 35. cxb4 Ne7 36. Bb3 Nef5 37. Ng5 Kc6 38. Nxf7 Nxf7 39. Bxf7 Nd4 40.
Be8+ Kb6 41. h4 Nc2 42. h5 Nxb4 43. hxg6 hxg6 44. Bxg6 Nc6 45. e6 b4 46. f5 b3
47. f6 b2 48. f7 1-0

[Event "TURNIEJ O PUCHAR UKS PALAC MLODZIEZY KATOWICE Z OKAZJI DNIA NIEPODLEGLOSCI"]
[Site "Centrum Kongresow i Rekreacji Orle Gniazdo ul. Wrzosowa 28a, Szczyrk"]
[Date "1899-12-30"]
[Round "5.11"]
[White "Wacior, Maciej"]
[Black "Swider, Pawel"]
[Result "1-0"]
[WhiteTitle "I++"]
[BlackTitle "I"]
[WhiteElo "1960"]
[BlackElo "1429"]

1. d4 d5 2. Nf3 c6 3. Bf4 Nf6 4. e3 Bf5 5. Bd3 Bxd3 6. Qxd3 e6 7. Nbd2 Bd6 8. Bg3
O-O 9. c3 Qc7 10. Bxd6 Qxd6 11. Ne5 Nbd7 12. f4 c5 13. O-O c4 14. Qe2 Qb6 15.
Rab1 Nxe5 16. fxe5 Nd7 17. Rf3 f6 18. Rh3 h6 19. Qg4 Kf7 20. Nf3 f5 21. Qh5+ Ke7
22. Rg3 Rf7 23. Rg6 Raf8 24. Nh4 Qa5 25. a3 Qa4 26. Qe2 Qb3 27. Rf1 Re8 28. g4
Nf8 29. gxf5 Nxg6 30. Nxg6+ Kd8 31. fxe6 Rxf1+ 32. Qxf1 Qc2 33. e7+ Rxe7 34. Nxe7
Kxe7 35. Qf2 Qd1+ 36. Kg2 Qg4+ 37. Kh1 Qd1+ 38. Kg2 Qg4+ 39. Qg3 Qe2+ 40. Kh3
Qf1+ 41. Kh4 Qf7 42. Qg2 Ke6 43. Qg4+ Ke7 44. Qg2 Ke6 45. Kh3 Qh5+ 46. Kg3 Qg6+
47. Kf2 Qc2+ 48. Kf1 Qd1+ 49. Kf2 Qd2+ 50. Kf3 Qd1+ 51. Kg3 Qe1+ 52. Qf2 Qb1 53.
h4 Qg6+ 54. Kh3 h5 55. Qf4 Qd3 56. Qf2 Qg6 57. Kh2 Qg4 58. Kh1 Qh3+ 59. Kg1 Qg4+
60. Qg2 Qd1+ 61. Kh2 Qe1 62. Qg6+ Kd7 63. Qxg7+ Kc8 64. Qg8+ Kd7 65. Qf7+ Kc8
66. Qe6+ Kc7 67. Qd6+ Kc8 68. Qc5+ Kb8 69. Qd6+ Kc8 70. Qe6+ Kb8 71. Qe8+ Kc7
72. Qe7+ Kc8 73. Qf8+ Kc7 74. Qg7+ Kb8 75. Qg3 Qe2+ 76. Kg1 Qd1+ 77. Kg2 Qe2+
78. Qf2 Qg4+ 79. Kh2 a6 80. Kh1 Qe4+ 81. Qg2 Qb1+ 82. Kh2 Qf5 83. Qxd5 Qf2+ 84.
Qg2 Qxh4+ 85. Kg1 Qe1+ 86. Qf1 Qg3+ 87. Kh1 Qh4+ 88. Kg2 Qg4+ 89. Kf2 Qf5+ 90.
Kg1 Qg4+ 91. Qg2 Qd1+ 92. Kh2 Qe1 93. Qg3 Qe2+ 94. Kh3 Qf1+ 95. Kh4 Qh1+ 96. Kg5
Qd5 97. Kxh5 Qf7+ 98. Kg4 Qg6+ 99. Kf4 Qf7+ 100. Ke4 Qh7+ 101. Kf3 Qf5+ 102. Qf4
Qh3+ 103. Ke4 Qg2+ 104. Kf5 Qh3+ 105. Kf6 Qh8+ 106. Ke7 Qg7+ 107. Ke8 Qg8+ 108.
Ke7 Qg7+ 109. Ke6 Qg8+ 110. Kf5 Qf7+ 111. Kg4 Qg6+ 112. Kf3 Qh5+ 113. Qg4 Qf7+
114. Kg3 Qf1 115. e6 Qg1+ 116. Kf4 Qf2+ 117. Ke4 Qc2+ 118. Kd5 Qa4 119. e7 Qc6+
120. Ke5 Qc7+ 121. Kf6 Qd6+ 122. Qe6 1-0

[Event "TURNIEJ O PUCHAR UKS PALAC MLODZIEZY KATOWICE Z OKAZJI DNIA NIEPODLEGLOSCI"]
[Site "Centrum Kongresow i Rekreacji Orle Gniazdo ul. Wrzosowa 28a, Szczyrk"]
[Date "1899-12-30"]
[Round "5.12"]
[White "Karwat, Szymon"]
[Black "Lorenc, Marian"]
[Result "0-1"]
[WhiteTitle "II"]
[BlackTitle "k"]
[WhiteElo "1603"]
[BlackElo "1956"]

1. f4 d5 2. Nf3 Bf5 3. e3 e6 4. b3 Nf6 5. Bb2 Be7 6. Bb5+ c6 7. Be2 O-O 8. d3 a5
9. a4 Qb6 10. Qd2 Ng4 11. Bc1 Bc5 12. d4 Bb4 13. Nc3 c5 14. h3 Nf6 15. O-O Ne4
16. dxc5 Qd8 17. Nxe4 Bxd2 18. Nexd2 Bxc2 19. Bb2 Nc6 20. Rac1 Nb4 21. Nd4 Bg6
22. N2f3 Rc8 23. Ne5 Qe7 24. Bb5 f6 25. Nd7 Rfd8 26. Nb6 Bd3 27. Rfd1 Be4 28.
c6 bxc6 29. Nxc6 Nxc6 30. Bxc6 Rb8 31. Bd4 Qb4 32. Bc5 Qxb3 33. Re1 Rxb6 34. Bxb6
Qxb6 35. Bb5 e5 36. fxe5 fxe5 37. Rc6 Qa7 38. Ra6 Qe7 39. Rc1 Qg5 40. Rc3 Qxg2#
0-1

[Event "TURNIEJ O PUCHAR UKS PALAC MLODZIEZY KATOWICE Z OKAZJI DNIA NIEPODLEGLOSCI"]
[Site "Centrum Kongresow i Rekreacji Orle Gniazdo ul. Wrzosowa 28a, Szczyrk"]
[Date "1899-12-30"]
[Round "5.13"]
[White "Dyrda, Jakub"]
[Black "Jankowiak, Tomasz"]
[Result "1/2-1/2"]
[WhiteTitle "II"]
[BlackTitle "I"]
[WhiteElo "1575"]
[BlackElo "1895"]

1. d4 d5 2. Bg5 Nf6 3. Bxf6 exf6 4. e3 c6 5. c4 dxc4 6. Bxc4 Be6 7. Bxe6 fxe6 8.
Qb3 Qd7 9. Nf3 Bd6 10. O-O O-O 11. Nc3 Re8 12. e4 Qc7 13. Rac1 Qb6 14. Qc2 Nd7
15. Rfd1 Rad8 16. Rd3 Bb8 17. Rcd1 Qc7 18. g3 a6 19. Kg2 b5 20. d5 cxd5 21. exd5
b4 22. dxe6 Rxe6 23. Qb3 Kf7 24. Qxb4 a5 25. Qa4 Nc5 26. Rxd8 Nxa4 27. R8d7+ Qxd7
28. Rxd7+ Ke8 29. Rb7 Nxc3 30. Rxb8+ Kf7 31. bxc3 Rc6 32. Rb3 a4 33. Ra3 Rc4 34.
Nd2 Rc5 35. Rxa4 Rxc3 36. Rd4 Ra3 37. Nc4 Rxa2 38. Rd7+ Kf8 39. Kf3 Rc2 40. Ne3
Rb2 41. h4 Kg8 42. Nf5 g6 43. Nh6+ Kh8 44. Ng4 Rb3+ 45. Kg2 Rb6 46. Rf7 Kg8 47.
Rxf6 Rb4 48. Rf4 Rb2 49. Rc4 h5 50. Ne5 Kg7 51. Rc6 Kh7 52. Rxg6 Re2 53. Rg5 Rd2
54. Rxh5+ Kg7 55. Rg5+ Kh8 56. h5 Rc2 57. h6 Rb2 58. Rg7 Rxf2+ 59. Kh3 Rh2+ 60.
Kg4 Rh4+ 61. Kf5 Rf4+ 62. Ke6 Rf6+ 63. Kd7 Rd6+ 64. Ke8 Rd8+ 65. Kf7 Rf8+ 66.
Kg6 Rf6+ 67. Kh5 Rxh6+ 68. Kxh6 1/2-1/2

[Event "TURNIEJ O PUCHAR UKS PALAC MLODZIEZY KATOWICE Z OKAZJI DNIA NIEPODLEGLOSCI"]
[Site "Centrum Kongresow i Rekreacji Orle Gniazdo ul. Wrzosowa 28a, Szczyrk"]
[Date "1899-12-30"]
[Round "5.14"]
[White "Filewicz, Radoslaw"]
[Black "Lendzion, Kamil"]
[Result "1-0"]
[WhiteTitle "I"]
[BlackTitle "II"]
[WhiteElo "1879"]
[BlackElo "1388"]

1. e4 c5 2. Nf3 e6 3. d3 d6 4. g3 Nf6 5. Bg2 Be7 6. O-O O-O 7. h3 Bd7 8. Be3 Nc6
9. Nc3 Rc8 10. Nh4 a6 11. a4 e5 12. Kh2 Qc7 13. Nf5 Bxf5 14. exf5 Nd4 15. g4 h6
16. h4 Nh7 17. Nd5 Qd7 18. c3 Nc6 19. Kh3 Nd8 20. Nb6 Qc7 21. Nxc8 Qxc8 22. Bd5
Nf6 23. Bf3 Nh7 24. Rg1 c4 25. d4 Nc6 26. d5 Nd8 27. Be4 f6 28. f3 Nf7 29. Qe2
Bd8 30. Rg3 b5 31. axb5 axb5 32. Rag1 Qd7 33. Kh2 Be7 34. Kg2 Ra8 35. Rh1 Ra2
36. Bb1 Ra4 37. Qd2 b4 38. cxb4 Qb5 39. Qc1 Rxb4 40. Kh3 Rxb2 41. Be4 c3 42. Qxc3
Qb8 43. Rc1 Nf8 44. Rg2 Rxg2 45. Kxg2 Kh7 46. Qc8 Qxc8 47. Rxc8 g5 48. h5 Kg7
49. Rc7 Bd8 50. Rb7 Ba5 51. Bd3 Kg8 52. Bb5 Bc3 53. Bb6 Bd4 54. Bc7 Kg7 55. Be8
Kg8 56. Bxf7+ Kxf7 57. Bxd6+ Kg8 58. Rb8 Kg7 59. Rxf8 Kh7 60. Rxf6 e4 61. Re6
e3 62. Be5 Bc5 63. Bc3 Kg7 64. d6+ Kf7 65. d7 Bb6 66. Bf6 e2 67. Rxe2 1-0

[Event "TURNIEJ O PUCHAR UKS PALAC MLODZIEZY KATOWICE Z OKAZJI DNIA NIEPODLEGLOSCI"]
[Site "Centrum Kongresow i Rekreacji Orle Gniazdo ul. Wrzosowa 28a, Szczyrk"]
[Date "1899-12-30"]
[Round "5.16"]
[White "Pedrak, Paulina"]
[Black "Polczyk, Mikolaj"]
[Result "0-1"]
[WhiteTitle "I"]
[BlackTitle "I"]
[WhiteElo "1497"]
[BlackElo "1772"]

1. e4 c5 2. Nf3 d6 3. d4 cxd4 4. Nxd4 Nf6 5. Nc3 Nc6 6. Be2 e6 7. Be3 Be7 8. O-O
O-O 9. Kh1 a6 10. Qd2 Qc7 11. f4 b5 12. a3 Bb7 13. Bf3 Na5 14. b4 Nc4 15. Qc1
Nxe3 16. Qxe3 Rac8 17. Nde2 d5 18. e5 Nd7 19. Rac1 Nb6 20. Nd1 Nc4 21. Qd3 a5
22. Ne3 axb4 23. axb4 Bxb4 24. Nxc4 dxc4 25. Qe3 Bc5 26. Qd2 Rfd8 27. Qe1 Be3
28. Rd1 Rxd1 29. Qxd1 b4 30. Qb1 Bxf3 31. Rxf3 Qc5 32. Ng3 Rb8 33. Qe1 b3 34.
cxb3 Rxb3 35. Ne4 Qb6 36. Rg3 Rb1 37. Nf6+ Kh8 0-1

[Event "TURNIEJ O PUCHAR UKS PALAC MLODZIEZY KATOWICE Z OKAZJI DNIA NIEPODLEGLOSCI"]
[Site "Centrum Kongresow i Rekreacji Orle Gniazdo ul. Wrzosowa 28a, Szczyrk"]
[Date "1899-12-30"]
[Round "5.17"]
[White "Burzak, Wojciech"]
[Black "Rak, Maciej"]
[Result "0-1"]
[WhiteTitle "I"]
[BlackTitle "II+"]
[WhiteElo "1435"]
[BlackElo "1748"]

1. h3 d5 2. d4 e6 3. Nc3 c5 4. e4 dxe4 5. d5 Nf6 6. dxe6 Qxd1+ 7. Nxd1 Bxe6 8.
Ne2 Bd6 9. Ndc3 Nc6 10. Bg5 Bf5 11. O-O-O O-O-O 12. Ng3 Bxg3 13. Rxd8+ Rxd8 14.
fxg3 h6 15. Bxf6 gxf6 16. Bc4 Nd4 17. Bxf7 b5 18. Nd5 Kb7 19. Ne3 Bh7 20. Rf1
Ne2+ 21. Kb1 f5 22. b3 Nxg3 23. Rf4 Ne2 24. Rh4 Nc3+ 25. Kb2 b4 26. Rxh6 f4 27.
Ng4 Rd1 28. Bd5+ Kb8 0-1

[Event "TURNIEJ O PUCHAR UKS PALAC MLODZIEZY KATOWICE Z OKAZJI DNIA NIEPODLEGLOSCI"]
[Site "Centrum Kongresow i Rekreacji Orle Gniazdo ul. Wrzosowa 28a, Szczyrk"]
[Date "1899-12-30"]
[Round "5.18"]
[White "Stochnialek, Dominika"]
[Black "Miasik, Adrian"]
[Result "0-1"]
[WhiteTitle "I"]
[BlackTitle "I"]
[WhiteElo "1424"]
[BlackElo "1732"]

1. e4 e5 2. Nf3 Nc6 3. Bc4 Bc5 4. b4 Bd6 5. c3 Nf6 6. d3 h6 7. a4 a6 8. O-O O-O
9. Ba2 Ne7 10. Nbd2 Ng6 11. Nc4 Qe7 12. Ne3 Qd8 13. Nf5 Be7 14. Qb3 d5 15. Nxe7+
Qxe7 16. exd5 Rd8 17. c4 Bg4 18. Nd2 Nf4 19. Ne4 Ne2+ 20. Kh1 Nd4 21. Qb2 Be2
22. Be3 Bxf1 23. Rxf1 c6 24. d6 Qe6 25. c5 Qf5 26. Nxf6+ Qxf6 27. Bxd4 exd4 28.
Re1 Re8 29. Qd2 Rxe1+ 30. Qxe1 Kf8 31. g3 Qf3+ 32. Kg1 Re8 33. Qf1 Qf5 34. f4
Re3 35. Bc4 Ke8 36. Qf2 Kd7 37. Kg2 g5 38. fxg5 Qxf2+ 39. Kxf2 hxg5 40. h3 f5
41. g4 fxg4 42. hxg4 Rh3 43. Bf7 Rh2+ 44. Kg3 Rb2 45. b5 axb5 46. axb5 Rxb5 47.
Kf3 Rxc5 48. Ke4 Kxd6 49. Kxd4 Ra5 50. Bc4 b5 51. Bb3 Ra3 52. Bc2 Ra1 53. Bb3
Rg1 54. Ke3 Rxg4 55. Kf3 Rb4 56. Bc2 g4+ 57. Kg3 Ke5 58. Bd1 Kd4 59. Be2 Ke3 60.
Bxg4 Rxg4+ 61. Kxg4 0-1

[Event "TURNIEJ O PUCHAR UKS PALAC MLODZIEZY KATOWICE Z OKAZJI DNIA NIEPODLEGLOSCI"]
[Site "Centrum Kongresow i Rekreacji Orle Gniazdo ul. Wrzosowa 28a, Szczyrk"]
[Date "1899-12-30"]
[Round "5.19"]
[White "Lascar, Maria Elena"]
[Black "Wisniewski, Jacek"]
[Result "1-0"]
[WhiteTitle "I+"]
[BlackTitle "k"]
[WhiteElo "1340"]
[BlackElo "1702"]

1. e4 e5 2. Nf3 Nc6 3. Nc3 Nf6 4. d4 Bb4 5. dxe5 Nxe4 6. Bd2 Nxc3 7. bxc3 Bc5 8.
Bd3 O-O 9. O-O d6 10. exd6 Qxd6 11. Ng5 h6 12. Ne4 Qe7 13. Qh5 Bd6 14. Bxh6 g6
15. Qf3 Ne5 16. Qe3 Nxd3 17. Bxf8 Qe5 18. g3 Bxf8 19. Qxd3 Bh3 20. Rfe1 Re8 21.
Nf6+ Qxf6 22. Rxe8 Kg7 23. Qd4 Be7 24. Rxe7 1-0